2025-2026 NFL Projected Offensive Starters - Statistics

General Stats
  • This quiz has been taken 1,048 times
    810 since last reset
  • The average score is 162 of 288
Answer Stats
Hint Answer % Correct
QB Kyler Murray
97%
WR Garrett Wilson
88%
WR Michael Wilson
88%
QB Russell Wilson
88%
WR DeVonta Smith
87%
RB Emmanuel Wilson
87%
QB Geno Smith
87%
RB Bijan Robinson
86%
TE Jonnu Smith
86%
QB Josh Allen
86%
RB Brian Robinson Jr.
85%
QB Caleb Williams
85%
WR Jameson Williams
85%
RB Javonte Williams
85%
WR Keenan Allen
85%
RB Kyren Williams
85%
QB Lamar Jackson
85%
WR Marvin Harrison Jr.
85%
QB Michael Penix
85%
WR Wan'Dale Robinson
85%
WR Amon-Ra St. Brown
84%
RB Braelon Allen
84%
RB Derrick Henry
84%
RB James Conner
84%
WR Kyle Williams
84%
RB Najee Harris
84%
TE Trey McBride
84%
WR A.J. Brown
83%
RB Chase Brown
83%
TE Hunter Henry
83%
QB Justin Herbert
83%
RB Aaron Jones
82%
QB Bryce Young
82%
QB Daniel Jones
82%
WR Dyami Brown
82%
WR Marquis Brown
82%
WR Noah Brown
82%
WR Tyreek Hill
82%
WR Drake London
81%
RB James Cook
81%
QB Joe Burrow
81%
QB Jordan Love
81%
RB Justice Hill
81%
QB Matthew Stafford
81%
WR Tee Higgins
81%
WR Zay Flowers
81%
WR Zay Jones
81%
RB Ashton Jeanty
80%
QB Dak Prescott
80%
TE Elijah Higgins
80%
WR Ja'Marr Chase
80%
WR Jayden Higgins
80%
TE Mark Andrews
80%
QB Tua Tagovailoa
80%
TE Julian Hill
79%
WR Justin Jefferson
79%
QB Bo Nix
78%
WR CeeDee Lamb
78%
QB C.J. Stroud
78%
QB Drake Maye
78%
QB Jared Goff
78%
WR Jaxon Smith-Njigba
78%
QB J.J. McCarthy
78%
TE Kyle Pitts
78%
QB Patrick Mahomes
78%
WR Puka Nacua
78%
QB Brock Purdy
77%
WR Davante Adams
77%
WR George Pickens
77%
RB Jahmyr Gibbs
77%
QB Jalen Hurts
77%
QB Justin Fields
77%
QB Sam Darnold
77%
TE Travis Kelce
77%
QB Trevor Lawrence
77%
QB Aaron Rodgers
76%
QB Baker Mayfield
76%
TE Brock Bowers
76%
RB Christian McCaffrey
76%
RB De'Von Achane
76%
WR DJ Moore
76%
QB Jayden Daniels
76%
WR Jaylen Waddle
76%
RB Josh Jacobs
76%
RB Saquon Barkley
76%
QB Cam Ward
75%
RB Chuba Hubbard
75%
RB D'Andre Swift
75%
QB Joe Flacco
75%
RB Jonathan Taylor
75%
WR Ladd McConkey
75%
WR Stefon Diggs
75%
TE Dalton Kincaid
74%
WR DK Metcalf
74%
WR Khalil Shakir
74%
TE Mason Taylor
74%
WR Mike Evans
74%
WR Nico Collins
74%
QB Spencer Rattler
74%
RB Breece Hall
73%
WR Courtland Sutton
73%
TE George Kittle
73%
RB Kenneth Walker III
73%
WR Keon Coleman
73%
WR Malik Nabers
73%
RB Omarion Hampton
73%
WR Rome Odunze
73%
WR Tetairoa McMillan
73%
RB Alvin Kamara
72%
WR Chris Olave
72%
RB David Montgomery
72%
WR Jordan Addison
72%
TE Juwan Johnson
72%
RB Kaleb Johnson
72%
RB Kareem Hunt
72%
RB Nick Chubb
72%
TE Theo Johnson
72%
RB Isiah Pacheco
71%
WR Jerry Jeudy
71%
RB Joe Mixon
71%
RB Roschon Johnson
71%
WR Brian Thomas Jr.
70%
RB Jaylen Warren
70%
WR Michael Pittman Jr.
70%
WR Rashee Rice
70%
TE Sam LaPorta
70%
RB Travis Etienne Jr.
70%
TE Tyler Warren
70%
WR Xavier Worthy
70%
RB Bucky Irving
69%
WR Rashod Bateman
69%
RB Rhamondre Stevenson
69%
TE Terrance Ferguson
69%
WR Terry McLaurin
69%
WR Brandon Aiyuk
68%
WR Chris Godwin
68%
TE David Njoku
68%
TE Isaiah Likely
68%
TE Jake Ferguson
68%
WR Jakobi Meyers
68%
RB Tony Pollard
68%
TE Colston Loveland
67%
TE Dallas Goedert
67%
RB Rachaad White
67%
RB Rico Dowdle
67%
WR Darnell Mooney
66%
WR Deebo Samuel
66%
WR Romeo Doubs
66%
TE Tucker Kraft
66%
TE Cole Kmet
65%
WR Cooper Kupp
65%
TE Dawson Knox
65%
WR Emeka Egbuka
65%
TE Michael Meyer
65%
WR Quentin Johnston
65%
RB TreVeyon Henderson
65%
WR Jauan Jennings
64%
RB J.K. Dobbins
64%
RB Tyrone Tracy Jr.
64%
RB Zach Charbonnet
64%
TE Zach Ertz
64%
RB Quinshon Judkins
63%
WR Calvin Ridley
62%
WR Matthew Golden
62%
TE Cade Otton
60%
RB Tyler Allgeier
60%
WR Alec Pierce
59%
WR DeAndre Hopkins
59%
TE Dalton Schultz
58%
TE Evan Engram
58%
WR Jayden Reed
58%
RB RJ Harvey
58%
WR Xavier Legette
58%
TE Ja'Tavion Sanders
57%
RB Miles Sanders
57%
WR Ricky Pearsall
57%
WR Rashid Shaheed
56%
RB Blake Corum
55%
TE Mike Gesicki
55%
WR Travis Hunter
55%
TE Tyler Higbee
55%
WR Josh Downs
54%
RB Austin Ekeler
53%
WR Calvin Austin III
53%
WR Luther Burden III
53%
WR Tre Tucker
53%
RB Trey Benson
53%
RB Ray Davis
52%
WR Adam Thielen
51%
RB Jerome Ford
51%
RB Jordan Mason
51%
WR Marvin Mims Jr.
51%
TE Pat Freiermuth
51%
RB Tank Bigsby
51%
TE Darren Waller
50%
RB Devin Singletary
48%
TE Noah Fant
48%
RB Raheem Mostert
48%
WR Andrei Iosivas
47%
WR Jahan Dotson
47%
WR Malik Washington
47%
RB Tyjae Spears
47%
WR Christian Kirk
46%
WR DeMario Douglas
46%
RB Jacory Croskey-Merritt
46%
TE Harold Fannin Jr.
45%
TE Noah Gray
45%
WR Tyler Lockett
45%
WR Cedric Tillman
43%
WR Darius Slayton
43%
WR Tutu Atwell
43%
WR Allen Lazard
41%
TE Brenton Strange
40%
TE Chig Okonkwo
40%
WR Troy Franklin
39%
WR Jalen Coker
38%
TE Luke Musgrave
37%
TE Tommy Tremble
37%
TE Will Dissly
37%
RB Jaylen Wright
36%
WR Joshua Palmer
36%
TE AJ Barner
35%
TE Brock Wright
35%
WR Jalen Tolbert
35%
WR Ray-Ray McCloud III
34%
TE Tyler Conklin
32%
RB Will Shipley
32%
WR Brandin Cooks
31%
RB Kendre Miller
31%
WR Scotty Miller
31%
TE Mo Alie-Cox
29%
WR Amari Cooper
28%
TE Luke Schoonmaker
28%
TE Austin Hooper
27%
TE Daniel Bellinger
25%
WR Kalif Raymond
25%
WR Josh Reynolds
21%
TE T.J. Hockensen
21%
WR Tory Horton
21%
TE Adam Trautman
20%
TE Elijah Arroyo
20%
TE Grant Calcaterra
20%
RB Zack Moss
20%
TE Josh Oliver
19%
WR Treylon Burks
15%
TE Cade Stover
12%
TE Jeremy Ruckert
11%
RB Tyler Goodson
11%
TE Charlie Woerner
10%
TE Luke Farrell
10%
WR Jamari Thrash
9%
TE John Bates
9%
TE Hunter Long
8%
Arizona Cardinals | Atlanta Falcons | Baltimore Ravens | +29 others Player
8%
TE Payne Durham
7%
TE Jack Stoll
5%
TE Josh Whyle
3%
No matching quizzes found
Score Distribution
Percent of People with Each Score
Percentile by Number Answered
Your Score History
You have not taken this quiz since the last reset